[Event "IBCA-ol blind 15th"]
[Site "Ohrid"]
[Date "2017.06.19"]
[Round "1.3"]
[White "Platon, Constantin"]
[Black "Mlacnik, Franc"]
[Result "0-1"]
[WhiteElo "1680"]
[BlackElo "2008"]
[PlyCount "56"]
[EventDate "2017.06.19"]
[EventType "team-swiss"]
[EventRounds "9"]
[EventCountry "MKD"]
[SourceTitle "CBM 179 Extra"]
[Source "ChessBase"]
[SourceDate "2017.08.23"]
[SourceVersion "1"]
[SourceVersionDate "2017.08.23"]
[SourceQuality "1"]
[WhiteTeam "Moldova"]
[BlackTeam "Slovenia"]
[WhiteTeamCountry "MDA"]
[BlackTeamCountry "SLO"]

1. e4 c6 2. Nc3 d5 3. exd5 cxd5 4. Nf3 Nf6 5. b3 Nc6 6. Bb2 Bf5 7. Ne2 e6 8. Ng3 Bg6 9. Bb5 Rc8 10. 0-0 Bd6 11. Nd4 0-0 12. Nxc6 bxc6 13. Ba6 Rb8 14. d4 Qc7 15. Bd3 Ne4 16. Bxe4 dxe4 17. Qe2 f5 18. c4 c5 19. dxc5 Bxc5 20. Rad1 Rbd8 21. Rxd8 Rxd8 22. Rd1 f4 23. Nh5 f3 24. Nf6+ gxf6 25. gxf3 Bxf2+ 26. Kxf2 Qxh2+ 27. Ke3 Qxe2+ 28. Kxe2 exf3+ 0-1

[Event "Portoroz op 10th"]
[Site "Portoroz"]
[Date "2016.07.25"]
[Round "4"]
[White "Mlacnik, Franc"]
[Black "Jovanovic, Aleksandar1111"]
[Result "0-1"]
[WhiteElo "2076"]
[BlackElo "1835"]
[PlyCount "82"]
[EventDate "2016.07.23"]
[EventType "swiss"]
[EventRounds "9"]
[EventCountry "SLO"]
[SourceTitle "CBM 173 Extra"]
[Source "ChessBase"]
[SourceDate "2016.08.29"]
[SourceVersion "1"]
[SourceVersionDate "2016.08.29"]
[SourceQuality "1"]

1. e4 c5 2. d4 cxd4 3. c3 dxc3 4. Nxc3 Nc6 5. Nf3 d6 6. Bc4 e6 7. 0-0 a6 8. Qe2 Qc7 9. Bb3 Nf6 10. Bg5 Be7 11. Rac1 Qb8 12. Na4 Nd7 13. Be3 0-0 14. Rfd1 Na5 15. Bb6 Nxb3 16. axb3 Bd8 17. Qe3 a5 18. h4 Ra6 19. Bxd8 Rxd8 20. e5 b5 21. Nc3 d5 22. Qg5 Re8 23. Rd4 h6 24. Qh5 Nf8 25. g4 Ng6 26. Re1 b4 27. Na4 Qa7 28. g5 hxg5 29. Qxg5 Qe7 30. Qg3 Nh8 31. Rg4 Qf8 32. h5 Ra7 33. Kh2 f5 34. exf6 Qxf6 35. Rg1 e5 36. Rg5 Bf5 37. Nh4 Be4 38. Ng6 Nxg6 39. hxg6 Qf4 40. f3 Qxf3 41. Qe1 Qf4+ 0-1

[Event "IBCA-ol blind 14th"]
[Site "Chennai"]
[Date "2012.08.13"]
[Round "4.1"]
[White "Mlacnik, Franc"]
[Black "Pulvett Marin, Daniel Eduardo"]
[Result "0-1"]
[WhiteElo "2124"]
[BlackElo "2383"]
[PlyCount "95"]
[EventDate "2012.08.10"]
[EventType "team-swiss"]
[EventRounds "9"]
[EventCountry "IND"]
[SourceTitle "CBM 149 Extra"]
[Source "ChessBase"]
[SourceDate "2012.08.24"]
[SourceVersion "1"]
[SourceVersionDate "2012.08.24"]
[SourceQuality "1"]
[WhiteTeam "Slovenia"]
[BlackTeam "Venezuela"]
[WhiteTeamCountry "SLO"]
[BlackTeamCountry "VEN"]

1. e4 c5 2. Nf3 d6 3. d4 cxd4 4. Qxd4 a6 5. c4 Nc6 6. Qd2 Bg4 7. Be2 Rc8 8. b3 Nf6 9. Nc3 g6 10. 0-0 Bg7 11. Bb2 Qa5 12. Rfd1 0-0 13. Nd5 Qxd2 14. Nxf6+ Bxf6 15. Rxd2 Bxb2 16. Rxb2 Bxf3 17. Bxf3 Ne5 18. Be2 g5 19. h3 Kg7 20. g3 Kf6 21. Kg2 Rh8 22. Bh5 Rc5 23. Rd2 a5 24. Rd5 a4 25. f4 gxf4 26. Rf1 axb3 27. axb3 Rxd5 28. exd5 Ra8 29. Rxf4+ Kg7 30. Rf2 Ra1 31. Rd2 Rb1 32. Bd1 Nd7 33. Bg4 Nc5 34. Re2 Kf8 35. Ra2 Rxb3 36. Ra8+ Kg7 37. Re8 Kf6 38. Rh8 Rb2+ 39. Kf3 Nd3 40. Bh5 Ne5+ 41. Ke4 h6 42. Rg8 Rc2 43. h4 Rxc4+ 44. Ke3 b5 45. Be2 Rc3+ 46. Kf4 b4 47. g4 Ng6+ 48. Ke4 0-1